01054cam 2200301 a 4500001000800000005001700008008004100025035002100066906004500087010001700132020001500149040001800164050002500182082001700207100003000224245010500254260005300359300003400412504003000446500002000476650003900496650003300535650003800568700003000606700002400636991006400660099002800724331317119850815000000.0840215s1985 njua b 001 0 eng  9(DLC) 84003326 a7bcbccorignewd1eocipf19gy-gencatlg a 84003326  a0131962213 aDLCcDLCdDLC00aQA76.9.D35bL36 198500a001.64/22191 aLangsam, Yedidyah,d1952-10aData structures for personal computers /cYedidyah Langsam, Moshe J. Augenstein, Aaron M. Tenenbaum. aEnglewood Cliffs, N.J. :bPrentice-Hall,cc1985. axvi, 560 p. :bill. ;c25 cm. aBibliography: p. 548-550. aIncludes index. 0aData structures (Computer science) 0aMicrocomputersxProgramming. 0aBASIC (Computer program language)1 aAugenstein, Moshe,d1947-1 aTenenbaum, Aaron M. bc-GenCollhQA76.9.D35iL36 1985p00034240358tCopy 1wBOOKS alangsam-data-1072109228